ბათუმის შოთა რუსთაველის სახელმწიფო უნივერსიტეტის ბიბლიოთეკა

სწავლის უნარის დაქვეითება (ბიბ.ჩანაწერი № 36552)

000 -LEADER
fixed length control field 00519nam a2200157Ia 4500
001 - CONTROL NUMBER
control field 2471
003 - CONTROL NUMBER IDENTIFIER
control field GE_BSU
008 - FIXED-LENGTH DATA ELEMENTS--GENERAL INFORMATION
fixed length control field 181216s||||||||xx |||||||||||||| ||und||
040 ## - CATALOGING SOURCE
Transcribing agency GE_BSU
080 ## - UNIVERSAL DECIMAL CLASSIFICATION NUMBER
Universal Decimal Classification number 376.3
245 ## - TITLE STATEMENT
Title სწავლის უნარის დაქვეითება
245 ## - TITLE STATEMENT
Remainder of title ზოგადი ასპექტები.(ნაწ.1)
245 ## - TITLE STATEMENT
Statement of responsibility, etc. რედ.თ. პაჭკორია
653 ## - INDEX TERM--UNCONTROLLED
Uncontrolled term სწავლის უნარის დაქვეითება
942 ## - ADDED ENTRY ELEMENTS (KOHA)
Koha item type წიგნი
ეგზემპლარები
Withdrawn status Lost status Source of classification or shelving scheme Damaged status Not for loan Permanent Location Current Location Shelving location Date acquired Full call number Barcode Date last seen Copy number Price effective from Koha item type
          ბათუმის შოთა რუსთაველის სახელმწიფო უნივერსიტეტის მთავარი ბიბლიოთეკა ბათუმის შოთა რუსთაველის სახელმწიფო უნივერსიტეტის მთავარი ბიბლიოთეკა წიგნსაცავი 2018-12-17 376.3 1176 2018-12-17 1176 2018-12-17 წიგნი